000 00532nam a2200205Ia 4500
005 20251121153744.0
008 230125s9999 xx 000 0 und d
020 _a9788184951974
041 _aeng
082 _a158.1
_bBUC
100 _aBuckingham M
_9215323
245 _aFind Your Strongest Life
260 _c2011
_bJaico Publishing House
_aMumbai
300 _a263p
500 _aPersonality Development
650 _aPersonality Development
_9213420
700 _aBuckingham M
_9215323
906 _b85.25
942 _cBK
999 _c94754
_d94754